| 000 | 00364 a2200109 4500 | ||
|---|---|---|---|
| 001 | ART_41370 | ||
| 005 | 20260410161647.0 | ||
| 008 | 260409a | ||
| 245 | 1 | 0 | _a¿Puede una reinspección modificar el criterio de una actuación anterior? |
| 100 | 1 | _aCaranta, Martín R. | |
| 773 | 0 |
_tConsultor tributario _g- Año 11, Nº 121 (mar. 2017) _wREV474 |
|
| 999 |
_c13867 _d13867 |
||